000 00371nam a2200145Ia 4500
008 230312s9999||||xx |||||||||||||| ||und||
020 _a1-55642-671-1
082 _a615.82
_bCAR-P
100 _aCarroll;Kevin
245 0 _aProsthetics and Patient Manageent
260 _bSlack
_aNew York
_c2006
300 _a266
650 _aPhysiotherapy
_vPhysio Therapy
942 _cBK
999 _c10378
_d10378